Britain and Kenya, 1870-1930 : (Record no. 13446)
[ view plain ]
| 000 -LEADER | |
|---|---|
| fixed length control field | 00686nam a22002052 4500 |
| 001 - CONTROL NUMBER | |
| control field | 0000012052 |
| 005 - DATE AND TIME OF LATEST TRANSACTION | |
| control field | 20151217155849.0 |
| 008 - FIXED-LENGTH DATA ELEMENTS--GENERAL INFORMATION | |
| fixed length control field | 090127s xx 000 0 eng d |
| 040 ## - CATALOGING SOURCE | |
| Original cataloging agency | KABU |
| Transcribing agency | KABU |
| 100 1# - MAIN ENTRY--PERSONAL NAME | |
| Personal name | Wolff, Richard D. |
| -- | 0000168234 |
| 245 10 - TITLE STATEMENT | |
| Title | Britain and Kenya, 1870-1930 : |
| Remainder of title | the economics of colonialism / |
| Statement of responsibility, etc. | Richard D. Wolff. |
| 250 ## - EDITION STATEMENT | |
| Edition statement | 1st ed. |
| 260 ## - PUBLICATION, DISTRIBUTION, ETC. (IMPRINT) | |
| Place of publication, distribution, etc. | Nairobi : |
| Name of publisher, distributor, etc. | Transafrica, |
| Date of publication, distribution, etc. | 1974. |
| 300 ## - PHYSICAL DESCRIPTION | |
| Extent | xv, 203 p. |
| 651 #0 - SUBJECT ADDED ENTRY--GEOGRAPHIC NAME | |
| Geographic name | Kenya |
| General subdivision | Economic policy. |
| -- | 0000150198 |
| 651 #0 - SUBJECT ADDED ENTRY--GEOGRAPHIC NAME | |
| Geographic name | Great Britain |
| General subdivision | Colonies |
| -- | Economic conditions |
| -- | Case studies. |
| -- | 0000168235 |
| 852 1# - LOCATION | |
| -- | p500 KES |
| 908 ## - PUT COMMAND PARAMETER (RLIN) | |
| Put command parameter | 090127 |
| 950 ## - LOCAL HOLDINGS (RLIN) | |
| -- | 1 |
| Withdrawn status | Lost status | Source of classification or shelving scheme | Not for loan | Home library | Current library | Date acquired | Total Checkouts | Full call number | Barcode | Date last seen | Price effective from | Koha item type |
|---|---|---|---|---|---|---|---|---|---|---|---|---|
| Library of Congress Classification | Kabarak, Main Campus | Kabarak, Main Campus | 17/12/2015 | HC865 .W65 1974 c. 1 | 16378 | 17/12/2015 | 17/12/2015 | Africana Collection |